01368cam a22004094i 4500003000900000005001700009008004100026020001500067020001800082035002000100040003300120041001300153082002000166100003100186245008900217250002300306264006700329300005300396336002100449337002500470338002300495505024100518526001000759526001000769526001000779526001000789526000800799526000800807526000800815526000800823526000800831526000800839526000800847534005500855650002400910650002400934PE-LiUPU20250731173117.0190826s2014 ag a r 000 0 spa d a9877010496 a9789877010497 a(Sirsi) a252521 aPE-LiUPUbspacPE-LiUPUerda1 aspaheng04a286.73bL222201 aLantry, Kimber J.,eautor.13aEl rey que no podía predicar/cKimber J. Lantry ; traducción por Aldo D. Orrego. aPrimera edición. 1aBuenos Aires :bAsociación Casa Editora Sudamericana,c2014. a71 páginas :bilustraciones;c21 centímetros atext2rdacontent aunmediated2rdamedia avolume2rdacarrier0 aOtho conoce a George -- Una propuesta... satisfactoria -- Preparación para el gran día -- Dios dirige la decisión final -- Primeras experiencias -- Se define la estrategia -- Madurez en el servicio -- ¡Qué ministerio brillante! aSEG42 aSEG41 aSEG40 aSEG39 aP94 aP87 aP86 aP85 aP77 aP76 aP35 pTítulo original :tThe king who couldn't preach.04aIglesia adventista.04aLiteratura juvenil.